| 000 | 01111cam a2200277 a 4500 | ||
|---|---|---|---|
| 001 | 000014694 | ||
| 005 | 20200929163904.0 | ||
| 008 | 830910s1979 mx ab 000 0 spa | ||
| 020 | _a9682301270 | ||
| 040 |
_aDO-SdBNP _bspa _cDLC _dBNPHU |
||
| 082 |
_a305.43 _bV671s, 1980 |
||
| 100 | 1 |
_aViezzer, Moema. _933310 |
|
| 245 | 1 | 0 |
_a"Si me permiten hablar... " : _btestimonio de Domitila, una mujer de las minas de Bolivia / _cMoema Viezzer; edición al cuidado de Eugenia Huerta. |
| 250 | _a5a ed. | ||
| 260 |
_aMéxico : _bSiglo Veintiuno, _c1979. |
||
| 300 |
_av, 257 p. : _bil., mapas ; _c18 cm. |
||
| 650 | 4 |
_aChungara, domitila barrios de, 1937 _xRelatos personales _933311 |
|
| 650 | 4 |
_aChungara, domitila barrios de, 1937 _933312 |
|
| 650 | 4 |
_aTrabajadores mineros _xHistoria _zBolivia _933313 |
|
| 650 | 4 |
_aMujeres _xCondiciones sociales _zBolivia _933314 |
|
| 650 | 4 |
_aBolivia _xCondiciones sociales _933315 |
|
| 700 | 1 |
_aHuerta, Eugenia, _eed. _933047 |
|
| 856 | 4 | 2 |
_3Publisher description _uhttp://www.loc.gov/catdir/enhancements/fy0909/83198426-d.html |
| 910 | _aCatalogación derivada | ||
| 049 | _aBNGR | ||
| 999 |
_c14277 _d14277 |
||